مشروع تعزيز إستخدام الرصد الجوي الزراعي في إدارة مياه الري / (رقم التسجيلة. 8264)

تفاصيل مارك
000 -LEADER
fixed length control field 00571nam a22001697a 4500
005 - DATE AND TIME OF LATEST TRANSACTION
control field 20251108164259.0
008 - FIXED-LENGTH DATA ELEMENTS--GENERAL INFORMATION
fixed length control field 250721s1997 xx 000 0 ara d
082 14 - DEWEY DECIMAL CLASSIFICATION NUMBER
Classification number 627.52/منظ
245 10 - TITLE STATEMENT
Title مشروع تعزيز إستخدام الرصد الجوي الزراعي في إدارة مياه الري /
264 1# - PRODUCTION, PUBLICATION, DISTRIBUTION, MANUFACTURE, AND COPYRIGHT NOTICE
Place of production, publication, distribution, manufacture الخرطوم :
Name of producer, publisher, distributor, manufacturer المنظمة،
Date of production, publication, distribution, manufacture, or copyright notice 1997.
300 ## - PHYSICAL DESCRIPTION
Extent 107ص
650 17 - SUBJECT ADDED ENTRY--TOPICAL TERM
Topical term or geographic name as entry element الزراعة
650 17 - SUBJECT ADDED ENTRY--TOPICAL TERM
Topical term or geographic name as entry element الري
710 2# - ADDED ENTRY--CORPORATE NAME
Corporate name or jurisdiction name as entry element المنظمة العربية للتنمية الزراعية ( الخرطوم )
942 ## - ADDED ENTRY ELEMENTS (KOHA)
Source of classification or shelving scheme Dewey Decimal Classification
Koha item type كتب
المقتنيات
حالة السحب حالة الفقدان مصدر التصنيف حالة التلف غير قابل للإعارة المكتبة الرئيسية المكتبة الحالية موقع الرف تاريخ التزويد الرقم المتسلسل Total Checkouts رقم الإستدعاء الباركود تاريخ آخر ظهور تاريخ الفاتورة نوع المادة (كوها)
    Dewey Decimal Classification     المكتبة المركزية المكتبة المركزية الإعارة 06/07/2004 2014   627.52/منظ DUP-01_2014 28/07/2025 06/07/2004 كتب
Implemented & Customized by: BBB with SCIT (Smart Chains for Information Technology)

Powered by Koha